Normal view
MARC view
Entry Personal Name
001 - CONTROL NUMBER
- control field: 1065751
003 - CONTROL NUMBER IDENTIFIER
- control field: OSt
005 - DATE AND TIME OF LATEST TRANSACTION
- control field: 20260121170605.0
008 - FIXED-LENGTH DATA ELEMENTS
- fixed length control field: 260121|| aca||aabn | a|a d
040 ## - CATALOGING SOURCE
- Original cataloging agency: OSt
- Transcribing agency: OSt
100 ## - HEADING--PERSONAL NAME
- Personal name: Alexis Joly, Stefanos Vrochidis, Kostas Karatzas, Ari Karppinen, Pierre Bonnet
670 ## - SOURCE DATA FOUND
- Source citation: Work cat.: (OSt)1631481: Alexis Joly, Stefanos Vrochidis, Kostas Karatzas, Ari Karppinen, Pierre Bonnet, Multimedia Tools and Applications for Environmental & Biodiversity Informatics
